Forecasting Methods for Management
Salvato in:
| Autore principale: | |
|---|---|
| Altri autori: | |
| Natura: | Libro |
| Lingua: | inglese |
| Pubblicazione: |
New York
Wiley
1980
|
| Edizione: | 3. ed. |
| Soggetti: | |
| Tags: |
Nessun Tag, puoi essere il primo ad aggiungerne!!
|
MARC
| LEADER | 00000nam a2200000 4500 | ||
|---|---|---|---|
| 001 | c034021 | ||
| 005 | 20221220101737.5 | ||
| 041 | 0 | |a eng | |
| 044 | |a US | ||
| 245 | 1 | 0 | |a Forecasting Methods for Management |c Steven C. Wheelwright, Spyros Makridakis |
| 250 | |a 3. ed. | ||
| 264 | 1 | |a New York |b Wiley |c 1980 | |
| 300 | |a 362 s. | ||
| 610 | 2 | 0 | |a metódy prognostické |
| 610 | 2 | 0 | |a prognózy hospodárske |
| 100 | 1 | |a Wheelwright, Steven C. | |
| 700 | 1 | |a Makridakis, Spyros | |